| 000 | 01185nam a2200313 a 4500 | ||
|---|---|---|---|
| 003 | MX-MxUPN | ||
| 005 | 20260409134926.0 | ||
| 007 | cr |||aaaaaaa| | ||
| 008 | 260409s2023 ck|bd|||o ||| 000 0 spa d | ||
| 020 | _a9786287518896 | ||
| 040 |
_aMX-MxUPN _bspa _eaacr2 |
||
| 041 | 0 | _aspa | |
| 050 | 1 | 4 | _aF2271.4 |
| 100 | 1 |
_aSánchez Moncada, Olga Marlene _959228 |
|
| 100 | 1 |
_aRodríguez Ávila, Sandra Patricia _959052 |
|
| 100 | 1 |
_aOspina Florido, Byron Giovanny _959229 |
|
| 100 | 1 |
_aRodríguez Murcia, Víctor Manuel _959230 |
|
| 100 | 1 |
_aMendoza, Nydia Constanza _959231 |
|
| 245 | 1 | 0 |
_aEstudios del paramilitarismo : _banálisis regionales e investigaciones acerca de la subjetividad paramilitar _h[recurso electrónico en línea] |
| 250 | _aPrimera edición | ||
| 260 |
_aBogotá, Colombia : _bUniversidad Pedagógica Nacional, _c2023 |
||
| 300 |
_a1 recurso en línea (254 páginas) : _bmapas, gráficas, PDF |
||
| 490 | 0 | _aColección Ciencias sociales y humanidades | |
| 506 | 0 | _aAcceso abierto | |
| 650 | 4 |
_aParamilitares _zColombia _xHistoria _959233 |
|
| 856 | 4 | 0 | _uhttp://hdl.handle.net/20.500.12209/18433 |
| 902 | _aJohanaAllegre/090426 | ||
| 942 |
_2lcc _cLIBRO-E |
||
| 999 |
_c214926 _d214926 |
||